000 00258nam a22000977a 4500
999 _c11661
_d11661
008 191122b ||||| |||| 00| 0 eng d
020 _a9789380278551
100 _aBaum Frank
_97363
245 _aThe Wonderful Wizard Of Oz
260 _aNew Delhi
_bPaper Clip
_c2019